Atlas de Geografía Universal / (Record no. 137786)

MARC details
000 -LEADER
campo de control de longitud fija 00461nam a2200157 4500
001 - NÚMERO DE CONTROL
campo de control 137786
003 - IDENTIFICADOR DE NÚMERO DE CONTROL
campo de control ES-MaACL
007 - CAMPO FIJO DE DESCRIPCIÓN FÍSICA--INFORMACIÓN GENERAL
campo de control de longitud fija t|
008 - DATOS DE LONGITUD FIJA--INFORMACIÓN GENERAL
campo de control de longitud fija 070214s1967 sp r ||||1| spa d
100 1# - ENTRADA PRINCIPAL--NOMBRE DE PERSONA
Nombre de persona Salinas Bellver, Salvador.
9 (RLIN) 101947
245 10 - MENCIÓN DEL TÍTULO
Título Atlas de Geografía Universal /
Mención de responsabilidad, etc. por Salvador Salinas Bellver.
250 ## - MENCION DE EDICION
Mención de edición 38ª ed.
260 ## - PUBLICACIÓN, DISTRIBUCIÓN, ETC.
Lugar de publicación, distribución, etc. Madrid :
Nombre del editor, distribuidor, etc. Salinas,
Fecha de publicación, distribución, etc. 1967 (
Fabricante S. Rafael)
300 ## - DESCRIPCIÓN FÍSICA
Extensión 72 map. col. ;
Dimensiones 34 cm.
852 ## - LOCALIZACIÓN
Ubicación ES-MaACL
Número de control de estantería B-2912
Sublocalización o colección R.67576
Holdings
Estatus retirado Estado de pérdida Estado de daño No para préstamo Biblioteca de origen Biblioteca actual Ubicación en estantería Fecha de adquisición Fuente de adquisición Total de préstamos Signatura topográfica completa Código de barras Visto por última vez Precio de reemplazo Tipo de ítem Koha
        Biblioteca del Ateneo de Madrid Biblioteca del Ateneo de Madrid Sala Pardo Bazán 17/01/2008     B-2912 1143386 23/02/2023 23/02/2023 Libro impreso